Propuesta de clasificación y ejemplos de concepciones alternativas (Registro nro. 32292)

Detalles MARC
000 -LEADER
fixed length control field 00525 a2200169 4500
001 - CONTROL NUMBER
control field ART_39664
005 - DATE AND TIME OF LATEST TRANSACTION
control field 20260410162012.0
008 - FIXED-LENGTH DATA ELEMENTS--GENERAL INFORMATION
fixed length control field 260409a
100 1# - MAIN ENTRY--PERSONAL NAME
Personal name Giuliano, M.
245 10 - TITLE STATEMENT
Title Propuesta de clasificación y ejemplos de concepciones alternativas
700 1# - ADDED ENTRY--PERSONAL NAME
Personal name Vázquez, A.
700 1# - ADDED ENTRY--PERSONAL NAME
Personal name Chrobak, R.
700 1# - ADDED ENTRY--PERSONAL NAME
Personal name Vázquez, S.
700 1# - ADDED ENTRY--PERSONAL NAME
Personal name Dasso, J.
700 1# - ADDED ENTRY--PERSONAL NAME
Personal name Alvarez, M.
773 0# - HOST ITEM ENTRY
Title Propuestas para la sociedad, el gobierno y la producción
Related parts - Año 5, Nº 9 (nov. 2001)
Record control number REV39547

No hay ítems disponibles.